=LDR 00000nam 2200000 4500 =001 INLIS000000000049300 =005 20200218013709 =035 ##$$a 0010-021700000000092 =007 ta =008 200218################g##########0#ind## =020 ##$$a 978-602-352-006-0 =082 ##$$a 173 =084 ##$$a 173 NES t =100 ##$$a Nesri Baidani =245 1#$$a Tips & trik sukses parenting : $b Menjadi orang tua hebat ! /$c Nesri Baidani ; Editor Ratinah sastra =260 ##$$a Solo :$b Aryhaeko sinergi persada,$c 2016 =300 ##$$a vi, 82 hlm . ; $c 13x20 cm. =500 ##$$a Bibliografi : hlm .81 =500 ##$$a Biografi : hlm .82 =650 #4$$a Orang tua dan anak =700 #$$a Ratinah sastra =990 ##$$a 21603555 =990 ##$$a 21603556 =990 ##$$a 21603557 =990 ##$$a 21603558 =990 ##$$a 21603559